banner-ar

مصنف وايلى فى علم النفس الايجابى الاكلينيكى = (Record no. 67153)

MARC details
000 -الفاتح
حقل البيانات ثابتة الطول 01585nam a2200325 4500
005 - وقت وتاريخ اخر تعامل مع التسجيلة
رقم الضبط 20240530110959.0
008 - عناصر البيانات ثابتة الطول - معلومات عامة
حقل البيانات ثابتة الطول 230117s2022 ua f b 001 0 ara d
017 ## - رقم الايداع القانونى
رقم الايداع القانونى 2021/29576
المصدر ( الهيئة المختصة) مصر. دار الكتب
020 ## - الرقم الدولى المعيارى للكتب
الرقم الدولى المعيارى للكتاب 9789770533949
040 ## - مصدر الفهرسة
وكالة الفهرسة الأصلية EG-CaGPL
وكالة النسخ EG-CaGPL
082 04 - رقم تصنيف ديوى العشرى
رقم الطبعة 21
رقم التصنيف 616.89
رقم المادة و م
245 00 - بيان العنوان
العنوان مصنف وايلى فى علم النفس الايجابى الاكلينيكى =
بقية العنوان The Wiley Handbook of Positive Clinical Psychology /
بيان المسئوليه,etc تحرير اليكس وود، جوديث جونسون، احمد عمرو عبدالله ؛ ترجمة احمد عمرو عبدالله، احمد صابر الشركسى، راقية جلال الدويك
246 11 - العنوان الموازى
عنوان صحيح/عنوان مختصر The Wiley Handbook of Positive Clinical Psychology
250 ## - بيان الطبعة
بيان الطبعة الاولى
260 ## - PUBLICATION, DISTRIBUTION, ETC. (IMPRINT)
تاريخ النشر أو التوزيع 2022.
300 ## - الوصف المادى
التعداد 955 ص. ؛
أبعاد الوعاء 24 سم.
504 ## - تبصرة ببليوجرافية
تبصرة ببليوجرافية,الخ يشتمل على ارجاعات ببليوجرافية
650 07 - المدخل الاضافى بالموضوع-مصطلح موضوعى
مصدر الرأس أو المصطلح qrmak
مصطلح موضوعي علم النفس
650 07 - المدخل الاضافى بالموضوع-مصطلح موضوعى
مصدر الرأس أو المصطلح qrmak
مصطلح موضوعي علم النفس الايجابى
650 07 - المدخل الاضافى بالموضوع-مصطلح موضوعى
مصدر الرأس أو المصطلح qrmak
مصطلح موضوعي علم النفس الاكلينكى
651 ## - المدخل الاضافى بالموضوع - اسم جغرافى
مصدر الرأس أو المصطلح qrmak
700 1# - المدخل الاضافى - اسم شخصى
الإسم الشخصى وود، اليكس
الدور محرر
700 1# - المدخل الاضافى - اسم شخصى
الإسم الشخصى جونسون، جوديث
الدور محرر مشارك
700 0# - المدخل الاضافى - اسم شخصى
الإسم الشخصى احمد عمرو عبدالله
الدور محرر مشارك
700 0# - المدخل الاضافى - اسم شخصى
الإسم الشخصى احمد عمرو عبدالله
الدور مترجم
700 0# - المدخل الاضافى - اسم شخصى
الإسم الشخصى احمد صابر الشركسى
الدور مترجم مشارك
700 0# - المدخل الاضافى - اسم شخصى
الإسم الشخصى راقية جلال الدويك
الدور مترجم مشارك
942 ## - عناصر المدخل الإضافي( كوها)
مصدر التصنيف او مخطط الترفيف Dewey Decimal Classification
Koha [default] item type كتاب
260 ## - PUBLICATION, DISTRIBUTION, ETC. (IMPRINT)
-- القاهرة :
-- مكتبة الانجلو المصرية ،
Holdings
حالة التراجع حالة الفقد حالة تلف ليس للاعارة المكان المؤقت الموقع الحالى موقع الترفيف تاريخ الاكتساب اجمالي اﻻعارات رقم الطلب الباركود تاريخ اخر مشاهدة تاريخ تفعيل السعر نوع وعاء كوها
        مكتبة القاهرة الكبرى مكتبة القاهرة الكبرى قاعة العلوم التطبيقية_ك عربى 01/17/2023   616.89 و م 169189 01/17/2023 01/17/2023 كتاب

Powered By

EGPV